Influence of Filling Agent Quantity on Characteristics of Polymeric Composites; Key Engineering Materials; Vol. 685 : High Technology: Research and Applications 2015 (HTRA 2015)

التفاصيل البيبلوغرافية
Parent link:Key Engineering Materials: Scientific Journal
Vol. 685 : High Technology: Research and Applications 2015 (HTRA 2015).— 2016.— [P. 548-552]
المؤلف الرئيسي: Vitske R. E. Rudolf Evaldovich
مؤلف مشترك: Национальный исследовательский Томский политехнический университет (ТПУ) Институт физики высоких технологий (ИФВТ) Кафедра материаловедения в машиностроении (ММС)
مؤلفون آخرون: Kondratyuk А. А. Alexey Alekseevich, Nesterenko V. P. Vladimir Petrovich
الملخص:Title screen
This paper presents the investigation of the influence of an added filling agent on the strength and hardness of composites based on the ultra-high molecular polyethylene UHMWPE. The results of the volume resistivity definition are demonstrated for the range of polyethylenes and composites based on UHMWPE.
Режим доступа: по договору с организацией-держателем ресурса
اللغة:الإنجليزية
منشور في: 2016
سلاسل:Advanced Materials and Alloys, Nanomaterials and Nanotechnology
الموضوعات:
الوصول للمادة أونلاين:http://dx.doi.org/10.4028/www.scientific.net/KEM.685.548
التنسيق: الكتروني فصل الكتاب
KOHA link:https://koha.lib.tpu.ru/cgi-bin/koha/opac-detail.pl?biblionumber=646485

MARC

LEADER 00000nla2a2200000 4500
001 646485
005 20231101134422.0
035 |a (RuTPU)RU\TPU\network\11621 
035 |a RU\TPU\network\11615 
090 |a 646485 
100 |a 20160301a2016 k y0engy50 ba 
101 0 |a eng 
105 |a y z 100zy 
135 |a drcn ---uucaa 
181 0 |a i  
182 0 |a b 
200 1 |a Influence of Filling Agent Quantity on Characteristics of Polymeric Composites  |f R. E. Vitske, А. А. Kondratyuk, V. P. Nesterenko 
203 |a Text  |c electronic 
225 1 |a Advanced Materials and Alloys, Nanomaterials and Nanotechnology 
300 |a Title screen 
330 |a This paper presents the investigation of the influence of an added filling agent on the strength and hardness of composites based on the ultra-high molecular polyethylene UHMWPE. The results of the volume resistivity definition are demonstrated for the range of polyethylenes and composites based on UHMWPE. 
333 |a Режим доступа: по договору с организацией-держателем ресурса 
461 0 |0 (RuTPU)RU\TPU\network\11477  |t Key Engineering Materials  |o Scientific Journal 
463 0 |0 (RuTPU)RU\TPU\network\11478  |t Vol. 685 : High Technology: Research and Applications 2015 (HTRA 2015)  |o The IV International Conference, April 21-24, 2015, Tomsk, Russia  |o [proceedings]  |f National Research Tomsk Polytechnic University (TPU) ; ed. N. V. Martyushev, A. M. Bogdan  |v [P. 548-552]  |d 2016 
610 1 |a электронный ресурс 
610 1 |a труды учёных ТПУ 
610 1 |a твердость 
610 1 |a прочность 
610 1 |a сверхвысокомолекулярный полиэтилен 
610 1 |a удельное сопротивление 
610 1 |a наполнители 
610 1 |a полимерные композиты 
700 1 |a Vitske  |b R. E.  |c specialist in the field of material science  |c engineer of Tomsk Polytechnic University  |f 1992-  |g Rudolf Evaldovich  |2 stltpush  |3 (RuTPU)RU\TPU\pers\36295 
701 1 |a Kondratyuk  |b А. А.  |c specialist in the field of materials science  |c associate Professor of Tomsk Polytechnic University, candidate of technical Sciences  |f 1953-  |g Alexey Alekseevich  |2 stltpush  |3 (RuTPU)RU\TPU\pers\33524 
701 1 |a Nesterenko  |b V. P.  |c specialist in the field of materials science  |c Associate Professor of Tomsk Polytechnic University, Candidate of technical sciences  |f 1949-  |g Vladimir Petrovich  |2 stltpush  |3 (RuTPU)RU\TPU\pers\36294 
712 0 2 |a Национальный исследовательский Томский политехнический университет (ТПУ)  |b Институт физики высоких технологий (ИФВТ)  |b Кафедра материаловедения в машиностроении (ММС)  |h 74  |2 stltpush  |3 (RuTPU)RU\TPU\col\18688 
801 2 |a RU  |b 63413507  |c 20160309  |g RCR 
856 4 |u http://dx.doi.org/10.4028/www.scientific.net/KEM.685.548 
942 |c CF